00400nam a2200157Ia 45000010006000000050017000060080041000230410008000640820015000721000029000872450068001162600009001843000033001936500008002266540008002341475920260306164938.0260306t1997||||xx |||||||||||||| ||spa|| aESP a519.2bJ67 aJohnson, Richard A.eAUT 0aProbabilidad y estadística para ingenieros de Miller y Freund c1997 axii, 630 páginas :c25 cm. aGEN aCII